[Event "Bad Woerishofen op"]
[Site "?"]
[Date "2003.??.??"]
[Round "3"]
[White "Akstinat, Sven-Holger"]
[Black "Hornung, Hans"]
[Result "1/2-1/2"]
[WhiteElo "1987"]
[BlackElo "2189"]
[Annotator "ChessOrg"]
[PlyCount "111"]

1. e4 d6 2. d4 g6 3. Nc3 c6 4. Bg5 Bg7 5. Qd2 b5 6. f4 Qb6 7. Nf3 Bg4 8. e5
Bxf3 9. gxf3 d5 10. Bh3 e6 11. O-O Nd7 12. Nd1 Nh6 13. Ne3 O-O 14. Be7 Rfe8 15.
Bd6 c5 16. Nxd5 exd5 17. Bxd7 cxd4 18. Qd3 Red8 19. Bxb5 Nf5 20. Ba3 Bh6 21.
Kh1 Bxf4 22. Rg1 Ne3 23. Bd6 Rac8 24. Ba4 Nc4 25. Qf5 Be3 26. Be7 Bxg1 27. Rxg1
d3 28. Qg5 Qf2 29. cxd3 Qxf3+ 30. Qg2 Qxg2+ 31. Kxg2 Nxb2 32. Bxd8 Nxa4 33. Bf6
Rc2+ 34. Kg3 Nc3 35. Re1 Rxa2 36. e6 Ne2+ 37. Kf3 fxe6 38. Rxe2 Rxe2 39. Kxe2
Kf7 40. Be5 g5 41. Kf3 Kg6 42. d4 a5 43. Ke3 Kf5 44. Kd3 h5 45. Kc3 g4 46. Kb3
h4 47. Ka4 Ke4 48. Kxa5 g3 49. hxg3 hxg3 50. Bxg3 Kxd4 51. Kb4 e5 52. Kb3 e4
53. Kc2 e3 54. Kd1 Ke4 55. Bd6 d4 56. Bc5 1/2-1/2

[Event "Bad Woerishofen op"]
[Site "?"]
[Date "2003.??.??"]
[Round "3"]
[White "Stierle, Martin"]
[Black "Bergmann, Thomas"]
[Result "1-0"]
[WhiteElo "2088"]
[BlackElo "1753"]
[Annotator "ChessOrg"]
[PlyCount "95"]

1. d4 d5 2. Nf3 e6 3. g3 Nf6 4. Bg2 Bd6 5. O-O O-O 6. c4 c6 7. Nbd2 Nbd7 8. b3
Re8 9. Bb2 Qe7 10. Qc2 dxc4 11. Nxc4 Bc7 12. Ba3 Qd8 13. Rfd1 Nb6 14. Nce5 h6
15. Rac1 Bd6 16. Bxd6 Qxd6 17. e4 Qe7 18. Nd2 Nfd7 19. Nec4 Nxc4 20. Nxc4 Nf6
21. Ne3 Rd8 22. Qc5 Qxc5 23. dxc5 Bd7 24. Rd2 Kf8 25. Rcd1 Ke7 26. Nc4 Rab8 27.
h3 Rbc8 28. Kf1 Rc7 29. Ke2 Rb8 30. f4 b5 31. Ne5 Be8 32. Ke3 a5 33. g4 Nd7 34.
Nxd7 Rxd7 35. e5 Rxd2 36. Rxd2 Rd8 37. Rd6 Rxd6 38. cxd6+ Kd7 39. Kd4 Kc8 40.
Kc5 Kb7 41. Be4 Bd7 42. f5 b4 43. h4 Be8 44. fxe6 fxe6 45. d7 Bxd7 46. Kd6 Bc8
47. Bxc6+ Kb6 48. Bd7 1-0

[Event "Bad Woerishofen op"]
[Site "?"]
[Date "2003.??.??"]
[Round "3"]
[White "Klett, Thomas"]
[Black "Valent, Peter"]
[Result "1/2-1/2"]
[WhiteElo "1766"]
[BlackElo "2086"]
[Annotator "ChessOrg"]
[PlyCount "41"]

1. c4 Nf6 2. Nf3 e6 3. d4 Bb4+ 4. Bd2 Qe7 5. g3 Nc6 6. Nc3 O-O 7. Bg2 e5 8.
dxe5 Nxe5 9. Nxe5 Qxe5 10. O-O Qd4 11. Rc1 c6 12. a3 Ba5 13. b4 Bd8 14. Nb1 d5
15. cxd5 Nxd5 16. e4 Nf6 17. Qc2 Bg4 18. Be3 Qd7 19. f3 Bh3 20. Rfd1 Qe6 21.
Rd3 1/2-1/2

[Event "Bad Woerishofen op"]
[Site "?"]
[Date "2003.??.??"]
[Round "3"]
[White "Wiest, Georg"]
[Black "Holuba, Stefan"]
[Result "1-0"]
[WhiteElo "2084"]
[BlackElo "1737"]
[Annotator "ChessOrg"]
[PlyCount "183"]

1. e4 e5 2. Bc4 Nf6 3. d3 Nc6 4. Nf3 Bc5 5. O-O h6 6. c3 d6 7. a4 a6 8. Nbd2
O-O 9. h3 Bd7 10. b4 Ba7 11. Bb2 a5 12. b5 Ne7 13. Kh2 Ng6 14. d4 Qe7 15. Re1
Rad8 16. Bf1 Bc8 17. c4 Nd7 18. Nb3 Bb6 19. Bc3 f5 20. Bxa5 fxe4 21. Rxe4 Nf6
22. Re3 Bxa5 23. Nxa5 Qf7 24. Ng1 Nh7 25. Rf3 Qe7 26. Ra2 Ng5 27. Rxf8+ Rxf8
28. Nb3 e4 29. Qe2 Nf4 30. Qe3 Qf7 31. Nd2 Qg6 32. a5 Nd3 33. Bxd3 exd3 34. a6
bxa6 35. bxa6 d5 36. a7 Bb7 37. Qg3 dxc4 38. Nxc4 Qc6 39. Ne3 Ne4 40. Qe5 d2
41. d5 Qe8 42. Qxe8 Rxe8 43. Nf3 Ra8 44. Nxd2 Nxd2 45. Rxd2 Rxa7 46. Rb2 Kf7
47. Rc2 Ba8 48. g4 Kf6 49. Rc5 g6 50. Kg3 Ke5 51. h4 Kd6 52. Rb5 Ra3 53. h5
gxh5 54. gxh5 Rd3 55. Kf4 Bxd5 56. Kf5 Bc6 57. Rb8 Ke7 58. Kg6 Rd6+ 59. Kg7 Be4
60. Rb4 Re6 61. f4 Bf3 62. Nf5+ Kd7 63. Ng3 c5 64. Rc4 Rc6 65. f5 Bd5 66. Rc3
c4 67. f6 Ke8 68. Re3+ Kd8 69. Ne2 Rc7+ 70. Kxh6 Bf7 71. Re5 c3 72. Kg5 c2 73.
Nc1 Rc3 74. Kh6 Rg3 75. Rc5 Rg2 76. Nd3 Kd7 77. Nf4 Rh2 78. Kg7 Bxh5 79. Nxh5
Rxh5 80. Rxc2 Rg5+ 81. Kf7 Rf5 82. Rd2+ Kc6 83. Re2 Kd6 84. Re6+ Kd7 85. Ra6
Rf2 86. Kf8 Rf3 87. Ra7+ Kd8 88. Ra8+ Kd7 89. f7 Rf1 90. Ra6 Kd8 91. Kg7 Rg1+
92. Rg6 1-0

[Event "Bad Woerishofen op"]
[Site "?"]
[Date "2003.??.??"]
[Round "3"]
[White "Regatschnig, Horst"]
[Black "Perman, Torvald"]
[Result "0-1"]
[WhiteElo "1740"]
[BlackElo "2083"]
[Annotator "ChessOrg"]
[PlyCount "90"]

1. d4 Nf6 2. Bg5 e6 3. e4 h6 4. Bxf6 Qxf6 5. e5 Qe7 6. c3 d6 7. exd6 Qxd6 8.
Nf3 Nc6 9. Be2 g5 10. h3 Bd7 11. Nbd2 O-O-O 12. Nc4 Qe7 13. Nfe5 Nxe5 14. Nxe5
Be8 15. Qb3 Bg7 16. Bf3 c5 17. Rd1 Bxe5 18. dxe5 Rxd1+ 19. Qxd1 Bb5 20. Qc2 Qc7
21. Qe4 Bc6 22. Qe3 Bxf3 23. gxf3 Rd8 24. O-O Rd5 25. Re1 Qa5 26. a3 Qb5 27.
Re2 Qd3 28. Qxd3 Rxd3 29. Kg2 Kd7 30. Kg3 h5 31. Re3 Rd2 32. b3 b5 33. c4 bxc4
34. bxc4 Rc2 35. Rd3+ Kc7 36. Rd6 Rxc4 37. Ra6 Kb7 38. Rd6 h4+ 39. Kg2 Rd4 40.
Rxd4 cxd4 41. Kf1 Kc6 42. Ke2 Kd5 43. Kd3 Kxe5 44. Kc4 Kf4 45. Kxd4 Kxf3 0-1

[Event "Bad Woerishofen op"]
[Site "?"]
[Date "2003.??.??"]
[Round "3"]
[White "Schweitzer, Paul"]
[Black "Friedrich, Wolfgang"]
[Result "0-1"]
[WhiteElo "1743"]
[BlackElo "2079"]
[Annotator "ChessOrg"]
[PlyCount "128"]

1. d4 e6 2. Nf3 c5 3. Nbd2 cxd4 4. Nxd4 d5 5. e3 Nc6 6. a3 e5 7. Nxc6 bxc6 8.
c4 Nf6 9. b4 Bd6 10. Bb2 Qe7 11. Be2 O-O 12. Rc1 Rb8 13. O-O a5 14. b5 cxb5 15.
cxb5 Bxa3 16. Bxa3 Qxa3 17. Ra1 Qb4 18. Rb1 Qe7 19. Qc2 Bd7 20. Nf3 Rfc8 21.
Qa2 Bf5 22. Rb2 Ra8 23. h3 a4 24. b6 Rcb8 25. g4 Be4 26. Nd2 Qc5 27. g5 Nd7 28.
Nxe4 dxe4 29. b7 Ra7 30. Rc2 Qf8 31. Bg4 Raxb7 32. Qxa4 Nc5 33. Qc6 Rb5 34. f3
f5 35. gxf6 R8b6 36. Qd5+ Kh8 37. fxg7+ Kxg7 38. fxe4 Rb1 39. Qxe5+ Kg8 40.
Rcf2 Qxf2+ 41. Kxf2 Nd3+ 42. Kg3 Nxe5 43. Be6+ Kg7 44. Rxb1 Rxb1 45. Bf5 h6 46.
Bc8 Kf6 47. h4 Rf1 48. h5 Kg5 49. Bf5 Rf3+ 50. Kg2 Rxe3 51. Bh7 Kxh5 52. Kh2
Kg4 53. Bf5+ Kf4 54. Bh7 h5 55. Bf5 Ng4+ 56. Kg2 Re2+ 57. Kh1 Rb2 58. Bg6 h4
59. Kg1 h3 60. e5 Nxe5 61. Bh7 Nf3+ 62. Kf1 h2 63. Bc2 h1=Q+ 64. Ke2 Rxc2+ 0-1

[Event "Bad Woerishofen op"]
[Site "?"]
[Date "2003.??.??"]
[Round "3"]
[White "Frank, Albert"]
[Black "Sakowski, Christian"]
[Result "1-0"]
[WhiteElo "2070"]
[BlackElo "1722"]
[Annotator "ChessOrg"]
[PlyCount "65"]

1. e4 c6 2. d4 d5 3. Nc3 dxe4 4. Nxe4 Bf5 5. Ng3 Bg6 6. h4 h6 7. N1e2 Nf6 8.
Nf4 Bh7 9. Bd3 Bxd3 10. Qxd3 e6 11. Bd2 Bd6 12. O-O-O Qc7 13. Ngh5 Nxh5 14.
Nxh5 g6 15. Nf6+ Ke7 16. Ne4 Bf4 17. Qa3+ Kd7 18. Rhe1 Bxd2+ 19. Rxd2 Na6 20.
Nf6+ Kd8 21. g3 Qe7 22. Qa5+ Nc7 23. Qe5 Rf8 24. d5 cxd5 25. Nxd5 Nxd5 26.
Rxd5+ Ke8 27. Rd6 a6 28. Red1 g5 29. Qe4 gxh4 30. gxh4 e5 31. Qa4+ b5 32. Rxa6
Rb8 33. Qxb5+ 1-0

[Event "Bad Woerishofen op"]
[Site "?"]
[Date "2003.??.??"]
[Round "3"]
[White "Burkhardt, Wilfried"]
[Black "Beckert, Armin"]
[Result "1/2-1/2"]
[WhiteElo "2062"]
[BlackElo "1602"]
[Annotator "ChessOrg"]
[PlyCount "40"]

1. d4 e6 2. c4 b6 3. Nf3 c5 4. e3 Bb7 5. Nc3 Nf6 6. Bd3 d5 7. cxd5 Nxd5 8. O-O
cxd4 9. exd4 Be7 10. Bb5+ Bc6 11. Qa4 Bxb5 12. Qxb5+ Qd7 13. Qxd7+ Nxd7 14.
Nxd5 exd5 15. Re1 f6 16. Bf4 Kf7 17. a3 g5 18. Bg3 h5 19. h3 b5 20. Re2 Rhe8
1/2-1/2

[Event "Bad Woerishofen op"]
[Site "?"]
[Date "2003.??.??"]
[Round "3"]
[White "Wiessner, Johann"]
[Black "Vonach, Bernhard"]
[Result "0-1"]
[WhiteElo "1586"]
[BlackElo "2050"]
[Annotator "ChessOrg"]
[PlyCount "116"]

1. d4 Nf6 2. c4 g6 3. Nc3 d5 4. cxd5 Nxd5 5. e4 Nxc3 6. bxc3 Bg7 7. Be3 c5 8.
Nf3 Nc6 9. Bc4 O-O 10. O-O Bg4 11. Be2 Bxf3 12. Bxf3 cxd4 13. cxd4 Nxd4 14.
Bxd4 Bxd4 15. Rb1 b6 16. e5 Rc8 17. Rb5 Rc5 18. Rxc5 Bxc5 19. Qa4 Qc7 20. Qe4
e6 21. Rd1 Rd8 22. g3 Rxd1+ 23. Bxd1 Qd8 24. Qe2 Qd4 25. Kf1 Qd5 26. Kg1 Bd4
27. Bb3 Qxe5 28. Qxe5 Bxe5 29. Kg2 Kf8 30. Kf3 Ke7 31. Ke4 Bd6 32. h3 f5+ 33.
Kd3 g5 34. Bd1 Kf6 35. Kc4 Bc5 36. f3 h5 37. g4 h4 38. Bc2 Ke5 39. Kd3 Kf4 40.
Ke2 fxg4 41. fxg4 Kg3 42. Bb3 e5 43. Bd5 Kxh3 44. Kf3 Kh2 45. Ke4 Kg1 46. Kxe5
h3 47. Kf5 h2 48. Kxg5 h1=Q 49. Bxh1 Kxh1 50. Kf6 Kg2 51. g5 Kf3 52. Ke5 Ke3
53. g6 Kd3 54. Kd5 Bf8 55. Kc6 Kc4 56. a3 a5 57. Kxb6 a4 58. Ka5 Kb3 0-1

[Event "Bad Woerishofen op"]
[Site "?"]
[Date "2003.??.??"]
[Round "3"]
[White "Plank, Peter"]
[Black "Schoebel, Klaus"]
[Result "0-1"]
[WhiteElo "2083"]
[BlackElo "1598"]
[Annotator "ChessOrg"]
[PlyCount "24"]

1. e4 e5 2. Nf3 d6 3. d4 exd4 4. Nxd4 Nf6 5. Nc3 Be7 6. Bf4 O-O 7. Qd2 a5 8. f3
c6 9. O-O-O d5 10. exd5 Nxd5 11. Bc4 Nxf4 12. Qxf4 Bg5 0-1

[Event "Bad Woerishofen op"]
[Site "?"]
[Date "2003.??.??"]
[Round "3"]
[White "Koehne, Arno"]
[Black "Nepple, Rolf"]
[Result "1/2-1/2"]
[WhiteElo "2030"]
[BlackElo "1570"]
[Annotator "ChessOrg"]
[PlyCount "22"]

1. d4 d5 2. c4 e6 3. Nf3 Nd7 4. e3 Ngf6 5. Bd3 dxc4 6. Bxc4 Bd6 7. Nc3 b6 8. e4
Bb4 9. Qc2 Bb7 10. Bd3 c5 11. O-O cxd4 1/2-1/2

[Event "Bad Woerishofen op"]
[Site "?"]
[Date "2003.??.??"]
[Round "3"]
[White "Neumann, Peter"]
[Black "Feicht, Roland"]
[Result "1-0"]
[WhiteElo "2026"]
[BlackElo "1516"]
[Annotator "ChessOrg"]
[PlyCount "75"]

1. e4 g6 2. d4 Bg7 3. f4 d6 4. Nf3 Bg4 5. Be3 Nf6 6. h3 Bxf3 7. Qxf3 c6 8. Nd2
O-O 9. Bd3 e5 10. dxe5 dxe5 11. f5 Nbd7 12. g4 h6 13. h4 Nh7 14. Bc4 Kh8 15. g5
h5 16. f6 Nhxf6 17. gxf6 Bxf6 18. O-O-O b5 19. Bb3 Bg7 20. Nf1 Qc7 21. Ng3 a5
22. Nxh5 a4 23. Bxf7 Nb6 24. Bxb6 Qxf7 25. Qxf7 Bh6+ 26. Kb1 Rxf7 27. Ng3 Rb8
28. Bc5 Rf3 29. Rhg1 b4 30. Bd6 Rb5 31. h5 Bf4 32. Ne2 g5 33. Nxf4 gxf4 34. Rg5
b3 35. axb3 axb3 36. Bxe5+ Rxe5 37. Rxe5 bxc2+ 38. Kxc2 1-0

[Event "Bad Woerishofen op"]
[Site "?"]
[Date "2003.??.??"]
[Round "3"]
[White "Taufratshofer, Martin"]
[Black "Daeubler, Heinrich"]
[Result "0-1"]
[WhiteElo "2074"]
[BlackElo "2180"]
[Annotator "ChessOrg"]
[PlyCount "120"]

1. Nf3 d5 2. c4 c6 3. e3 Nf6 4. b3 Bg4 5. Be2 Nbd7 6. O-O e6 7. Bb2 Bd6 8. d3
O-O 9. Nbd2 Qc7 10. h3 Bh5 11. Qc2 a5 12. a3 h6 13. Rac1 Rfe8 14. Rfd1 e5 15.
cxd5 Nxd5 16. Nc4 Bf8 17. Nh4 Bxe2 18. Qxe2 g6 19. Nf3 Bg7 20. Qc2 Qb8 21. Ncd2
Qa7 22. Ne4 Re6 23. Nfd2 Rd8 24. Nc5 Nxc5 25. Qxc5 b6 26. Qc2 Ne7 27. Nf3 Qa6
28. d4 e4 29. Nd2 f5 30. a4 Nd5 31. Qc4 b5 32. axb5 cxb5 33. Qf1 Bf8 34. Nb1
Bb4 35. Rc2 a4 36. bxa4 Qxa4 37. Rdc1 Qa6 38. Nc3 Bxc3 39. Bxc3 b4 40. Qxa6
Rxa6 41. Bd2 Kf7 42. Rb1 Rb6 43. Rcb2 Rdb8 44. Rb3 Ke6 45. Kf1 Ra8 46. R1b2 Kd7
47. Rc2 Ra4 48. g3 Rc6 49. Rcb2 Rc4 50. Ke2 Kc6 51. Kd1 Kb5 52. Ke2 Ra1 53. Be1
Ka4 54. Rb1 Ra2+ 55. Kd1 Nc3+ 56. Bxc3 bxc3 57. Kc1 c2 58. Rb6 cxb1=Q+ 59. Kxb1
Rxf2 60. Rxg6 Kb3 0-1

[Event "Bad Woerishofen op"]
[Site "?"]
[Date "2003.??.??"]
[Round "3"]
[White "Muench, Werner"]
[Black "Mittelsteiner, Horst"]
[Result "1/2-1/2"]
[WhiteElo "1608"]
[BlackElo "1997"]
[Annotator "ChessOrg"]
[PlyCount "32"]

1. d4 d5 2. Nf3 Nf6 3. e3 Bg4 4. c4 e6 5. Qb3 Qc8 6. Ne5 Bh5 7. Nc3 dxc4 8.
Bxc4 a6 9. Bd2 Nbd7 10. Nxd7 Nxd7 11. Rc1 Be7 12. O-O Bg6 13. a4 O-O 14. Ne2
Nb6 15. Nf4 Nxc4 16. Qxc4 c6 1/2-1/2

[Event "Bad Woerishofen op"]
[Site "?"]
[Date "2003.??.??"]
[Round "3"]
[White "Natterer, Winfried"]
[Black "Klaus, Daniel"]
[Result "1/2-1/2"]
[WhiteElo "1493"]
[BlackElo "2033"]
[Annotator "ChessOrg"]
[PlyCount "50"]

1. e4 e6 2. d4 d5 3. e5 c5 4. c3 Nc6 5. Nf3 Bd7 6. a3 Qb6 7. b4 cxd4 8. cxd4
Rc8 9. Bb2 f6 10. Nc3 fxe5 11. dxe5 Nh6 12. Na4 Qd8 13. Bd3 Nf7 14. O-O g6 15.
Rc1 Bh6 16. Rc2 O-O 17. Qe2 Nxb4 18. Rxc8 Qxc8 19. axb4 Bxa4 20. Ra1 Bd7 21.
Rxa7 Qb8 22. Ra1 Rc8 23. b5 Qc7 24. h4 Qc5 25. Bd4 Qc7 1/2-1/2

[Event "Bad Woerishofen op"]
[Site "?"]
[Date "2003.??.??"]
[Round "3"]
[White "Huhn, Ulrich"]
[Black "Mueller, Wolfgang"]
[Result "0-1"]
[WhiteElo "1980"]
[BlackElo "1574"]
[Annotator "ChessOrg"]
[PlyCount "152"]

1. d4 Nf6 2. Nc3 e6 3. Bg5 Bb4 4. Nf3 d6 5. e4 h6 6. Bxf6 gxf6 7. a3 Bxc3+ 8.
bxc3 b6 9. Bb5+ c6 10. Bd3 Rg8 11. Rg1 Nd7 12. Qd2 Rh8 13. Qf4 Qe7 14. Kf1 Bb7
15. Nd2 h5 16. Nc4 e5 17. Qf5 d5 18. Nd2 Qe6 19. Qxe6+ fxe6 20. Re1 Ke7 21. Nf3
Kd6 22. g3 c5 23. exd5 exd5 24. Bf5 e4 25. Nh4 Nf8 26. Ke2 Bc8 27. Kd2 Bxf5 28.
Nxf5+ Ke6 29. Nh4 f5 30. Rb1 cxd4 31. cxd4 Kf6 32. Rb5 Rd8 33. Rgb1 Ne6 34. c3
f4 35. a4 f3 36. a5 Nc7 37. R5b2 b5 38. Ke3 a6 39. Rg1 Kg5 40. Ra1 Ne8 41. Rb3
Nd6 42. Kd2 Nc4+ 43. Kc2 Rhf8 44. Rbb1 Rde8 45. Rf1 Rf6 46. h3 e3 47. Rfe1 e2
48. Ra2 Nd6 49. Kd3 Ne4 50. Nxf3+ Rxf3+ 51. Kc2 Nxf2 52. Kb3 Rxg3 53. Raxe2
Rxe2 54. Rxe2 Ne4 55. Re1 Rxc3+ 56. Kb2 Rxh3 57. Rf1 Rh2+ 58. Ka3 Rd2 59. Rf8
Rxd4 60. Rd8 Kf4 61. Kb2 Ke3 62. Ra8 Nc5 63. Rh8 h4 64. Rc8 Na4+ 65. Kb3 Rc4
66. Ra8 Nc5+ 67. Kb2 Kd2 68. Rd8 Na4+ 69. Kb3 d4 70. Rd5 d3 71. Rd8 Nc5+ 72.
Kb2 Rb4+ 73. Ka3 Rb3+ 74. Ka2 Kc2 75. Rc8 Rc3 76. Rb8 Rc4 0-1

[Event "Bad Woerishofen op"]
[Site "?"]
[Date "2003.??.??"]
[Round "3"]
[White "Spenk, Willi"]
[Black "Wachweger, Albrecht"]
[Result "0-1"]
[WhiteElo "1570"]
[BlackElo "1850"]
[Annotator "ChessOrg"]
[PlyCount "144"]

1. e4 c5 2. Nf3 d6 3. d4 cxd4 4. Qxd4 Nc6 5. Bb5 Bg4 6. Nc3 Bxf3 7. gxf3 Qa5 8.
Bd2 Qxb5 9. Nxb5 Nxd4 10. Nxd4 Rc8 11. O-O-O g6 12. h4 h5 13. f4 Bg7 14. Bc3
Nf6 15. f3 Nd7 16. Rhg1 Bf6 17. Be1 Rc4 18. Ne2 O-O 19. e5 Bg7 20. exd6 exd6
21. Rxd6 Re8 22. Nc3 Nf8 23. Bd2 Bxc3 24. bxc3 Re2 25. f5 Rxh4 26. fxg6 fxg6
27. Kd1 Rhh2 28. f4 Kf7 29. c4 Re4 30. Rd3 Rxc4 31. Rb3 b6 32. Ra3 a5 33. Rb3
Nd7 34. Rbg3 Rd4 35. R3g2 Rxg2 36. Rxg2 Ra4 37. Rg5 Nf6 38. Rb5 Ne4 39. Be1 h4
40. Rxb6 Rxa2 41. Bxh4 Ra1+ 42. Ke2 a4 43. Kd3 Nc5+ 44. Kd4 Nd7 45. Rb7 Ke6 46.
Ra7 a3 47. Ra6+ Kf5 48. Bg5 Nf8 49. Rf6+ Kg4 50. Rxf8 a2 51. Kc3 Re1 52. Ra8
a1=Q+ 53. Rxa1 Rxa1 54. Kd4 Kf5 55. Kd5 Rd1+ 56. Kc5 Ke6 57. c4 Kd7 58. Kb5
Rb1+ 59. Kc5 Rb8 60. Kd5 Rf8 61. Kd4 Rf5 62. Bh6 Kc6 63. Bg5 Ra5 64. Bd8 Rb5
65. Bg5 Kd6 66. Bh6 Ra5 67. Kd3 Ra1 68. Kc2 Re1 69. Kd2 Re8 70. Kc3 Kc5 71. Kd3
Re6 72. Bg5 Re1 0-1

[Event "Bad Woerishofen op"]
[Site "?"]
[Date "2003.??.??"]
[Round "3"]
[White "Duckstein, Torsten"]
[Black "Dahmen, Juergen"]
[Result "1-0"]
[WhiteElo "1843"]
[BlackElo "1560"]
[Annotator "ChessOrg"]
[PlyCount "47"]

1. d4 d5 2. c4 dxc4 3. Nf3 a6 4. a4 Nf6 5. e3 Bg4 6. Bxc4 e6 7. Nc3 Be7 8. h3
Bf5 9. O-O O-O 10. Qe2 Nc6 11. e4 Bg6 12. Rd1 Nb4 13. Ne5 Bh5 14. g4 Bg6 15. h4
Nxe4 16. Nxe4 Bxh4 17. Nxg6 hxg6 18. g5 Nd5 19. Qg4 f5 20. gxf6 Bxf6 21. Qxe6+
Kh7 22. Qxd5 Qc8 23. Nxf6+ Rxf6 24. Qh1+ 1-0

[Event "Bad Woerishofen op"]
[Site "?"]
[Date "2003.??.??"]
[Round "3"]
[White "Klein, Thomas"]
[Black "Harting, Andreas"]
[Result "0-1"]
[WhiteElo "1547"]
[BlackElo "1841"]
[Annotator "ChessOrg"]
[PlyCount "36"]

1. e4 c6 2. Nf3 d5 3. Nc3 dxe4 4. Nxe4 Nf6 5. Nxf6+ gxf6 6. h3 Bf5 7. d4 e6 8.
Bf4 Bd6 9. Bxd6 Qxd6 10. c3 Nd7 11. Qd2 Nb6 12. O-O-O O-O-O 13. g4 Be4 14. Qe3
Qd5 15. Be2 Bxf3 16. Qxf3 Qxa2 17. Qxf6 Na4 18. Kd2 Qxb2+ 0-1

[Event "Bad Woerishofen op"]
[Site "?"]
[Date "2003.??.??"]
[Round "3"]
[White "Schmitt, Karl"]
[Black "Prigge, Joerg"]
[Result "1-0"]
[WhiteElo "1829"]
[BlackElo "1543"]
[Annotator "ChessOrg"]
[PlyCount "23"]

1. c4 e6 2. Nf3 Be7 3. Nc3 b6 4. d4 Bb7 5. e4 d6 6. Be2 Nd7 7. Be3 h6 8. Qc2 c5
9. O-O cxd4 10. Nxd4 e5 11. Nf5 Bf6 12. Nxd6+ 1-0

[Event "Bad Woerishofen op"]
[Site "?"]
[Date "2003.??.??"]
[Round "3"]
[White "Wagner, Franz"]
[Black "Gaissmaier, Thomas"]
[Result "1-0"]
[WhiteElo "1806"]
[BlackElo "1538"]
[Annotator "ChessOrg"]
[PlyCount "67"]

1. e4 c6 2. d3 d5 3. Nd2 e5 4. Ngf3 Bd6 5. g3 Nf6 6. Bg2 d4 7. Nc4 Bg4 8. O-O
Bc7 9. h3 Bxf3 10. Qxf3 b5 11. Nd2 a5 12. a4 Qd6 13. b3 Qb4 14. Nb1 Qc5 15. Qe2
Na6 16. Bg5 Nb4 17. Rc1 h6 18. Bxf6 gxf6 19. axb5 cxb5 20. c3 dxc3 21. Nxc3 Qb6
22. Nxb5 Qxb5 23. Rxc7 Nxd3 24. Rc3 Rd8 25. Bf1 Ke7 26. Rxd3 Rc8 27. Rad1 Qe8
28. Qd2 Kf8 29. Rd8 Rxd8 30. Qxd8 Kg7 31. Qxe8 Rxe8 32. Ra1 Rb8 33. Bc4 Ra8 34.
Ra4 1-0

[Event "Bad Woerishofen op"]
[Site "?"]
[Date "2003.??.??"]
[Round "3"]
[White "Gajewski, Richard"]
[Black "Dittler, Volkfried"]
[Result "1-0"]
[WhiteElo "1780"]
[BlackElo "1500"]
[Annotator "ChessOrg"]
[PlyCount "79"]

1. e4 c5 2. Nf3 d6 3. c3 Nf6 4. Qc2 Nc6 5. Bc4 e6 6. O-O a6 7. Re1 b5 8. Bf1
Qc7 9. a4 b4 10. d4 cxd4 11. cxd4 d5 12. Bf4 Qb6 13. Nbd2 Be7 14. Nb3 O-O 15.
e5 Ne4 16. Bd3 f5 17. exf6 Rxf6 18. Bxe4 dxe4 19. Rxe4 Bb7 20. Be3 Raf8 21. d5
Qc7 22. dxc6 Bc8 23. Rh4 Rg6 24. Rh3 e5 25. Rg3 Rxc6 26. Qe4 Kh8 27. Nxe5 Rd6
28. Bd4 Bf5 29. Qe3 Re6 30. Rc1 Qb8 31. Rc6 Bd6 32. f4 Re7 33. Nc5 Qa8 34. Rxa6
Qd5 35. Ra5 Rfe8 36. Nb3 Bxe5 37. Rxd5 Bxd4 38. Nxd4 Rxe3 39. Rxe3 Rxe3 40.
Rd8+ 1-0

[Event "Bad Woerishofen op"]
[Site "?"]
[Date "2003.??.??"]
[Round "3"]
[White "Werninghaus, Klaus-Peter"]
[Black "Stojadinovic, Tomislav"]
[Result "0-1"]
[WhiteElo "1504"]
[BlackElo "1780"]
[Annotator "ChessOrg"]
[PlyCount "74"]

1. c4 Nf6 2. Nc3 e6 3. Nf3 b6 4. g3 Ba6 5. Bg2 c6 6. d3 Bb4 7. O-O Bxc3 8. bxc3
d5 9. cxd5 exd5 10. Ba3 Nbd7 11. Bd6 Nc5 12. Bxc5 bxc5 13. Qc2 O-O 14. Rfe1 Qa5
15. Ne5 Rac8 16. Rab1 Rc7 17. c4 g6 18. Rec1 Re8 19. Nf3 Rce7 20. e3 d4 21. e4
Bc8 22. Nd2 Qc7 23. Nb3 Re5 24. f3 Rh5 25. Qf2 a5 26. a4 Nd7 27. Qd2 f5 28.
Qxa5 Qd6 29. Qd2 Ne5 30. Re1 fxe4 31. fxe4 Ng4 32. Qf4 Qe7 33. e5 Rf8 34. Qe4
Rxe5 35. Qxc6 Rxe1+ 36. Rxe1 Qxe1+ 37. Bf1 Qxf1# 0-1

[Event "Bad Woerishofen op"]
[Site "?"]
[Date "2003.??.??"]
[Round "3"]
[White "Schenfeld, Waldemar"]
[Black "Reichenbacher, Gerhard"]
[Result "1-0"]
[WhiteElo "1462"]
[BlackElo "1742"]
[Annotator "ChessOrg"]
[PlyCount "65"]

1. e4 c5 2. Nf3 Nc6 3. d4 cxd4 4. Nxd4 Nf6 5. Nc3 d6 6. Bb5 Bd7 7. O-O e6 8.
Bg5 Be7 9. Re1 a6 10. Nxc6 bxc6 11. Ba4 Qc7 12. Qd3 c5 13. Bxd7+ Nxd7 14. Bxe7
Kxe7 15. b3 Ne5 16. Qg3 c4 17. Kh1 Rhc8 18. Na4 Kf8 19. f4 Nc6 20. h3 Nd4 21.
Qf2 Qa7 22. Rad1 Nb5 23. Qxa7 Rxa7 24. Nb6 Rc6 25. Nxc4 Rd7 26. Rd3 Ke7 27.
Red1 d5 28. Ne5 Rxc2 29. Nxd7 Kxd7 30. exd5 exd5 31. Rxd5+ Ke6 32. Re5+ Kf6 33.
a4 1-0

[Event "Bad Woerishofen op"]
[Site "?"]
[Date "2003.??.??"]
[Round "3"]
[White "Galje, Hans"]
[Black "Flueckiger, Joerg"]
[Result "1-0"]
[WhiteElo "2148"]
[BlackElo "2000"]
[Annotator "ChessOrg"]
[PlyCount "61"]

1. d4 Nf6 2. c4 g6 3. f3 Bg7 4. e4 d6 5. Nc3 O-O 6. Bg5 Nc6 7. Nge2 a6 8. Qd2
Rb8 9. Rc1 Bd7 10. d5 Ne5 11. b3 b5 12. cxb5 axb5 13. Nd4 c5 14. dxc6 Nxc6 15.
Ncxb5 Nxd4 16. Nxd4 Qb6 17. Be3 Qb7 18. Bc4 d5 19. exd5 Nxd5 20. Bxd5 Qxd5 21.
Ne2 Qb7 22. O-O Rbd8 23. Rfd1 Qb8 24. Qa5 e5 25. Bb6 Bh6 26. Bxd8 Bxc1 27. Rxd7
Be3+ 28. Kh1 Qc8 29. Qd5 Bd4 30. h4 Qc2 31. Nxd4 1-0

[Event "Bad Woerishofen op"]
[Site "?"]
[Date "2003.??.??"]
[Round "3"]
[White "Dittlow, Holger"]
[Black "Schrinner, Stefan"]
[Result "0-1"]
[WhiteElo "1430"]
[BlackElo "1688"]
[Annotator "ChessOrg"]
[PlyCount "68"]

1. d4 d5 2. c4 dxc4 3. Nc3 e6 4. a3 c6 5. e3 b5 6. Nf3 Bb7 7. Be2 Nd7 8. O-O
Ngf6 9. Re1 Be7 10. e4 O-O 11. Bg5 Ne8 12. Bxe7 Qxe7 13. d5 a6 14. h3 exd5 15.
exd5 Qc5 16. dxc6 Qxc6 17. Qd4 Nef6 18. Rad1 Nc5 19. Bf1 Ne6 20. Qe3 Rfd8 21.
Rxd8+ Rxd8 22. Ne5 Qc7 23. Be2 Nd4 24. Qg3 Re8 25. f4 Nd5 26. Bh5 g6 27. Nxd5
Bxd5 28. Qg4 Nf5 29. Qg5 Qb6+ 30. Kh2 f6 31. Nd7 Rxe1 32. Nxb6 fxg5 33. Nxd5
gxh5 34. Nf6+ Kf7 0-1

[Event "Bad Woerishofen op"]
[Site "?"]
[Date "2003.??.??"]
[Round "3"]
[White "Sanna, Giuseppe"]
[Black "Weber, Ludwig"]
[Result "1-0"]
[WhiteElo "1647"]
[BlackElo "1460"]
[Annotator "ChessOrg"]
[PlyCount "97"]

1. d4 Nf6 2. Nf3 e6 3. e3 d6 4. Bd3 Nbd7 5. O-O h6 6. b3 c6 7. Bb2 Qc7 8. Nbd2
Be7 9. e4 e5 10. Re1 Nh7 11. c4 b6 12. d5 c5 13. Rc1 g5 14. Nf1 Ndf8 15. Ng3
Ng6 16. Nf5 Nf6 17. Nd2 Bf8 18. Nf1 Bd7 19. N1e3 h5 20. Bc3 Nf4 21. Bb1 O-O-O
22. b4 Ne8 23. b5 Ng7 24. Bc2 Ng6 25. h3 Kb7 26. Ra1 Ne7 27. g4 Ng6 28. Ng2 Nf4
29. Nxf4 gxf4 30. Kg2 Nxf5 31. gxf5 Be7 32. Kh2 Bh4 33. Qe2 f6 34. Rg1 Be8 35.
Rg2 Bf7 36. a4 Bg5 37. a5 h4 38. Rgg1 Bh5 39. f3 Rdg8 40. axb6 axb6 41. Ra6 Ra8
42. Bd3 Rxa6 43. bxa6+ Kxa6 44. Ra1+ Kb7 45. Qa2 Kc8 46. Qa8+ Qb8 47. Qc6+ Kd8
48. Ra8 Ke7 49. Rxb8 1-0

[Event "Bad Woerishofen op"]
[Site "?"]
[Date "2003.??.??"]
[Round "3"]
[White "Emami, Madjid"]
[Black "Otterstaetter, Stefan"]
[Result "1/2-1/2"]
[WhiteElo "2018"]
[BlackElo "2165"]
[Annotator "ChessOrg"]
[PlyCount "120"]

1. e4 c5 2. Nf3 Nf6 3. d3 d6 4. g3 e6 5. Bg2 Be7 6. O-O Qc7 7. Nbd2 Nbd7 8. Re1
b6 9. a3 Bb7 10. Qe2 O-O 11. Nh4 b5 12. f4 a5 13. Nhf3 Nb6 14. e5 Nfd7 15. exd6
Bxd6 16. Ne4 Be7 17. Neg5 h6 18. Nh3 c4 19. d4 Nd5 20. g4 c3 21. b3 Qb6 22. Kh1
N7f6 23. Nf2 Bd6 24. g5 Nh5 25. Nd3 Ndxf4 26. Nxf4 Nxf4 27. Bxf4 Bxf4 28. g6
fxg6 29. Qxe6+ Qxe6 30. Rxe6 Bd5 31. Re2 Rad8 32. Rd1 Bd6 33. Ne5 Bxg2+ 34.
Kxg2 Rfe8 35. Rde1 Bxa3 36. Nc6 Rxe2+ 37. Rxe2 Rd6 38. Re8+ Kf7 39. Rc8 Bb4 40.
Ne5+ Ke6 41. Nf3 g5 42. h3 Rb6 43. Ra8 Rb7 44. Kf2 Kf5 45. Ke3 g4 46. hxg4+
Kxg4 47. Ne5+ Kg3 48. Ra6 Be7 49. Rxa5 h5 50. Ra1 Bg5+ 51. Ke2 Kg2 52. Rf1 Bh4
53. Rf5 g5 54. d5 Bg3 55. Ng6 Rb8 56. Rxg5 Re8+ 57. Kd3 Kf3 58. Rxh5 Re3+ 59.
Kd4 Ke2 60. Ne5 Bf2 1/2-1/2